[Event "Lund CellaVision Cup"]
[Site "Lund"]
[Date "2015.08.07"]
[Round "1"]
[White "Wallenas, Joakim"]
[Black "Akesson, Ralf"]
[Result "0-1"]
[WhiteElo "1993"]
[BlackElo "2418"]
[PlyCount "78"]
[EventDate "2015.08.07"]
[EventType "swiss"]
[EventRounds "8"]
[EventCountry "SWE"]
[SourceTitle "CBM 167 Extra"]
[Source "ChessBase"]
[SourceDate "2015.09.14"]
[SourceVersion "1"]
[SourceVersionDate "2015.09.14"]
[SourceQuality "1"]

1. e4 c5 2. Nf3 e6 3. d4 cxd4 4. Nxd4 Nc6 5. Nc3 Qc7 6. Be3 Nf6 7. Be2 Bb4 8. f3 d5 9. exd5 Nxd5 10. Ndb5 Qe7 11. Bd2 Nf6 12. Ne4 Nxe4 13. fxe4 0-0 14. c3 Bc5 15. Bf4 e5 16. Bg3 a6 17. Na3 Bxa3 18. bxa3 Be6 19. Qc2 Qxa3 20. 0-0 Rac8 21. Rab1 Nd4 22. Qb2 Qxb2 23. Rxb2 Nxe2+ 24. Rxe2 Bc4 25. Rb2 Bxf1 26. Kxf1 b5 27. Bxe5 Rfe8 28. Bd4 Rxe4 29. a4 bxa4 30. Rb4 a3 31. Ra4 Rxc3 32. Rxa6 Rc1+ 33. Kf2 f6 34. Be3 Rc3 35. Ra8+ Kf7 36. Ra7+ Kg6 37. Bd2 Rd3 38. Bc1 Rc4 39. Rxa3 Rc2+ 0-1